Speed AZ Quiz - LAKES Stats

 Plays Quiz not verified by Sporcle

Challenge
Share
Tweet
Embed
Score 0/26 Timer 10:00
0 Plays Today
Initials Answers % Correct
CCASPIAN SEA
60.8%
BBAIKAL
56.8%
AARAL SEA
55.4%
DDONGTING
50%
HHURON
50%
OONTARIO
48.6%
IISSYK-KUL
47.3%
EEDWARD
44.6%
FFAGNANO
43.2%
LLADOGA
43.2%
VVICTORIA
43.2%
MMARACAIBO
41.9%
JJUNIN
40.5%
Initials Answers % Correct
KKARAKUL
40.5%
NNETTILLING
39.2%
SSUPERIOR
39.2%
TTITICACA
39.2%
ZZURICH
39.2%
WWINNIPEG
37.8%
YYAMANAKA
37.8%
PPEIPUS
36.5%
RREINDEER LAKE
36.5%
UURMIA
36.5%
QQUESNEL
35.1%
XXOLOTLAN
35.1%
GGREAT SALT LAKE
32.4%

You're not logged in!

Compare scores with friends on all Sporcle quizzes.
Join for Free
OR
Log In

You Might Also Like...

Show Comments

Extras

Top Quizzes Today


Score Distribution

Your Account Isn't Verified!

In order to create a playlist on Sporcle, you need to verify the email address you used during registration. Go to your Sporcle Settings to finish the process.

Report this User

Report this user for behavior that violates our Community Guidelines.

Details: